000
002830000a22000970004500
100
1
_a
Watts, R. E.
245
1
0
_a
The meaning of " 'alaw yiqpesû melakîm pîhem" in Isaiah 52:15
300
_a
Vol. 40, Num. 3 (Julio, 1990), Páginas 327-335
773
0
_t
Vetus Testamentum
942
_c
ANA
999
_c
57631
_d
57631